书目信息 |
| 题名: |
民事官司·劳动就业
|
|
| 作者: | 徐滔 编著 | |
| 分册: | ||
| 出版信息: | 北京 人民出版社 2006.12 |
|
| 页数: | 214页 | |
| 开本: | 23cm | |
| 丛书名: | 徐滔说案 | |
| 单 册: | ||
| 中图分类: | D920.5 | |
| 科图分类: | ||
| 主题词: | 案例--an li--分析--中国 , 民事--min shi--诉讼--案例--分析--中国 | |
| 电子资源: | ||
| ISBN: | 7-01-006010-X | |
| 000 | 00860nam 2200253 450 | |
| 001 | 012007980881 | |
| 005 | 20071008150648.25 | |
| 010 | @a7-01-006010-X@dCNY23.00 | |
| 100 | @a20070801d2006 km y0chiy0120 ea | |
| 101 | 0 | @achi |
| 102 | @aCN@b110000 | |
| 105 | @ay z 000yy | |
| 200 | 1 | @a民事官司·劳动就业@Amin shi guan si·lao dong jiu ye@f徐滔编著@Fxu tao bian zhu |
| 210 | @a北京@c人民出版社@d2006.12 | |
| 215 | @a214页@d23cm | |
| 225 | 2 | @a徐滔说案@Axu tao shuo an |
| 330 | @a本丛书六个部分,包括劳动就业、物业、未成年人保护、婚姻家庭、民事官司、房屋等内容,几乎囊括了我们普通老百姓在生活中可能会遇到的各类法律问题。 | |
| 410 | 0 | @12001 @a徐滔说案 |
| 606 | 0 | @a案例@Aan li@x分析@y中国 |
| 606 | 0 | @a民事@Amin shi@x诉讼@x案例@x分析@y中国 |
| 690 | @aD920.5@v4 | |
| 701 | 0 | @a徐滔@Axu tao@4编著 |
| 801 | 0 | @aCN@c20071008 |
| 905 | @dD920.5@eX816 | |
| 民事官司·劳动就业/徐滔编著.-北京:人民出版社,2006.12 |
| 214页;23cm.-(徐滔说案) |
| ISBN 7-01-006010-X:CNY23.00 |
| 本丛书六个部分,包括劳动就业、物业、未成年人保护、婚姻家庭、民事官司、房屋等内容,几乎囊括了我们普通老百姓在生活中可能会遇到的各类法律问题。 |
| ● |
| 相关链接 |
|
|
|
正题名:民事官司·劳动就业
索取号:D920.5/X816
 
预约/预借
| 序号 | 登录号 | 条形码 | 馆藏地/架位号 | 状态 | 备注 |
| 1 | 251479 | 202514797 | 社科库509/509社科库 83排9列1层/ [索取号:D920.5/X816] | 在馆 | |
| 2 | 251480 | 202514804 | 社科库509/509社科库 83排9列1层/ [索取号:D920.5/X816] | 在馆 |